[Event "Munich Pfingst op-A 1st"]
[Site "Munich"]
[Date "2023.06.05"]
[Round "8"]
[White "Salvermoser, Bernd"]
[Black "Reimann, Sebastian"]
[Result "1/2-1/2"]
[WhiteElo "2133"]
[BlackElo "2265"]
[PlyCount "143"]
[EventDate "2023.05.31"]
[EventType "swiss"]
[EventRounds "9"]
[EventCountry "GER"]
[SourceTitle "EXT 2024"]
[Source "ChessBase"]
[SourceDate "2023.10.10"]
[SourceVersion "1"]
[SourceVersionDate "2023.10.10"]
[SourceQuality "1"]

1. d4 g6 2. c4 Bg7 3. Nc3 d6 4. e4 Nd7 5. Be2 e5 6. d5 a5 7. Be3 Nc5 8. Qd2 b6 9. g4 f5 10. gxf5 gxf5 11. Bh5+ Kf8 12. exf5 Bxf5 13. Nge2 Nd3+ 14. Kd1 Qh4 15. Ng3 Bg4+ 16. Bxg4 Qxg4+ 17. Kc2 Nb4+ 18. Kb3 Ne7 19. Rhg1 b5 20. Nxb5 Rb8 21. a4 c6 22. dxc6 Nbxc6 23. f3 Qe6 24. Nh5 Ng6 25. Rac1 Kf7 26. Nxg7 Kxg7 27. Bh6+ Kf7 28. Ka3 Nb4 29. b3 Rhd8 30. h4 d5 31. c5 Qf5 32. Bg5 Ke6 33. Bxd8 Rxd8 34. Nd6 Qd3 35. Qxd3 Nxd3 36. Nb7 Rb8 37. Rc3 Rxb7 38. Rxd3 Nxh4 39. Rgd1 d4 40. f4 Nf5 41. fxe5 Kxe5 42. Rh3 Rc7 43. b4 axb4+ 44. Kxb4 Ne3 45. Re1 Rb7+ 46. Ka5 Kd5 47. Ka6 Rb4 48. Rh5+ Kc6 49. a5 Rb8 50. Ka7 Rb7+ 51. Ka8 Rd7 52. Rh6+ Kxc5 53. Rc1+ Kd5 54. Rh5+ Ke4 55. Rb1 d3 56. Rb4+ Kf3 57. Rh3+ Kf2 58. Rh2+ Kg3 59. Rd2 Nf1 60. Rd1 Ne3 61. Rg1+ Kf2 62. Rbb1 d2 63. a6 d1B 64. Rgxd1 Nxd1 65. Rb7 Rd8+ 66. Ka7 h5 67. Rh7 Rd5 68. Kb6 Ne3 69. a7 Nc4+ 70. Kb7 Rb5+ 71. Kc7 Ra5 72. Kb8 1/2-1/2

[Event "Munich Pfingst op-A 1st"]
[Site "Munich"]
[Date "2023.05.31"]
[Round "1"]
[White "Salvermoser, Bernd"]
[Black "Basso, Pier Luigi"]
[Result "0-1"]
[WhiteElo "2133"]
[BlackElo "2520"]
[PlyCount "100"]
[EventDate "2023.05.31"]
[EventType "swiss"]
[EventRounds "9"]
[EventCountry "GER"]
[SourceTitle "CBM 214 Extra"]
[Source "ChessBase"]
[SourceDate "2023.07.31"]
[SourceVersion "1"]
[SourceVersionDate "2023.07.31"]
[SourceQuality "1"]

1. d4 d5 2. c4 e6 3. Nc3 c6 4. cxd5 exd5 5. Nf3 Bf5 6. Bf4 Qb6 7. Qd2 Nf6 8. a3 Be7 9. e3 0-0 10. Bd3 Bxd3 11. Qxd3 Nbd7 12. 0-0 Rfe8 13. b4 Qd8 14. Qb1 Nh5 15. Bg3 Nxg3 16. hxg3 Nb6 17. b5 Nc4 18. Qb3 Qa5 19. a4 Bd6 20. Rfc1 a6 21. e4 axb5 22. exd5 Qb4 23. Qc2 h6 24. dxc6 bxc6 25. axb5 Rxa1 26. Rxa1 Na3 27. Qd3 Nxb5 28. Nxb5 Qxb5 29. Qxb5 cxb5 30. Ra6 Bf8 31. Rb6 b4 32. Kf1 f6 33. Ne1 Rc8 34. Ke2 Rc4 35. Kd3 Rc1 36. Kd2 Rc4 37. Nc2 Kf7 38. Kd3 Rc3+ 39. Kd2 Rb3 40. d5 Bc5 41. Rb7+ Kg6 42. f3 Rb1 43. Rb5 Bd6 44. Rb6 Bxg3 45. d6 Bf4+ 46. Kd3 Bxd6 47. Kc4 Bf8 48. Nd4 Rc1+ 49. Kd5 Rc5+ 50. Ke4 Re5+ 0-1

[Event "Tirol Landesliga 2223"]
[Site "Austria"]
[Date "2022.10.02"]
[Round "2.1"]
[White "Salvermoser, Bernd"]
[Black "Tabernig, Bernhard"]
[Result "0-1"]
[WhiteElo "2169"]
[BlackElo "2310"]
[PlyCount "78"]
[EventDate "2022.10.01"]
[EventType "team-tourn"]
[EventRounds "9"]
[EventCountry "AUT"]
[SourceTitle "EXT 2024"]
[Source "ChessBase"]
[SourceDate "2023.10.10"]
[SourceVersion "1"]
[SourceVersionDate "2023.10.10"]
[SourceQuality "1"]
[WhiteTeam "Voels/Innsbruck"]
[BlackTeam "Reutte"]
[WhiteTeamCountry "AUT"]
[BlackTeamCountry "AUT"]

1. d4 d5 2. c4 e6 3. Nc3 a6 4. e3 Nf6 5. Nf3 dxc4 6. Bxc4 b5 7. Bd3 Bb7 8. 0-0 c5 9. e4 c4 10. Bc2 b4 11. Ba4+ Nbd7 12. e5 bxc3 13. exf6 gxf6 14. bxc3 Bd6 15. d5 Bxd5 16. Nd4 Rg8 17. g3 Qc7 18. Nf5 Bc5 19. Be3 0-0-0 20. Bxd7+ Rxd7 21. Bxc5 Qxc5 22. Nd4 e5 23. Ne2 Qc6 24. Qc2 Be4 25. Qb2 h5 26. Qb4 h4 27. f3 Rb7 28. fxe4 Rxb4 29. cxb4 Qxe4 30. Rf2 f5 31. Rc1 f4 32. Rc3 hxg3 33. hxg3 Rh8 34. Rcf3 Qb1+ 35. Rf1 Qxa2 36. R3f2 Qa3 37. gxf4 e4 38. Rg2 Qe3+ 39. Rff2 Qh3 0-1

[Event "Bayern-ch 89th"]
[Site "Bad Kissingen"]
[Date "2018.08.28"]
[Round "3"]
[White "Schulz, Lukas"]
[Black "Salvermoser, Bernd"]
[Result "1-0"]
[WhiteElo "2263"]
[BlackElo "2217"]
[PlyCount "79"]
[EventDate "2018.08.26"]
[EventType "swiss"]
[EventRounds "9"]
[EventCountry "GER"]
[SourceTitle "CBM 189 Extra"]
[Source "ChessBase"]
[SourceDate "2019.06.03"]
[SourceVersion "1"]
[SourceVersionDate "2019.06.03"]
[SourceQuality "1"]

1. e4 c5 2. Nf3 d6 3. d4 cxd4 4. Nxd4 Nf6 5. Nc3 g6 6. h3 Bg7 7. Be3 Nc6 8. g4 Nxd4 9. Bxd4 Qa5 10. Bb5+ Kf8 11. g5 Nh5 12. Bxg7+ Nxg7 13. Qd2 Be6 14. Be2 h6 15. gxh6 Nh5 16. Bg4 Qe5 17. Bxe6 fxe6 18. f4 Qf6 19. 0-0-0 Kg8 20. f5 gxf5 21. exf5 Qxh6 22. fxe6 Qxd2+ 23. Rxd2 Rh7 24. Rg2+ Rg7 25. Rhg1 Rxg2 26. Rxg2+ Kh7 27. Nd5 Rf8 28. Kd2 Nf4 29. Rf2 Nxe6 30. Rxf8 Nxf8 31. Nxe7 a6 32. Kc3 Ne6 33. Kc4 Nf4 34. h4 Ng2 35. Nf5 b5+ 36. Kb4 Ne1 37. Nd4 Kg6 38. Ka5 Kf6 39. h5 Ng2 40. Kxa6 1-0

[Event "Oberbayern-ch"]
[Site "Groebenzell"]
[Date "2018.05.11"]
[Round "4.2"]
[White "Salvermoser, Bernd"]
[Black "Glawe, Ralf"]
[Result "1-0"]
[WhiteElo "2191"]
[BlackElo "2059"]
[PlyCount "113"]
[EventDate "2018.05.10"]
[EventType "swiss"]
[EventRounds "7"]
[EventCountry "GER"]
[SourceTitle "EXT 2022"]
[Source "ChessBase"]
[SourceDate "2021.10.06"]
[SourceVersion "1"]
[SourceVersionDate "2021.10.06"]
[SourceQuality "1"]

1. d4 Nf6 2. c4 e6 3. Nc3 Bb4 4. e3 0-0 5. Nf3 c5 6. Bd3 d5 7. 0-0 cxd4 8. exd4 dxc4 9. Bxc4 Nbd7 10. Bg5 Qc7 11. Qd3 Bxc3 12. bxc3 b6 13. Bb3 Bb7 14. Rfe1 Rac8 15. Rac1 Rfd8 16. Bxf6 gxf6 17. Qe3 Kh8 18. c4 Bxf3 19. Qxf3 Rg8 20. Rcd1 Rg5 21. Ba4 Rf5 22. Qh3 Nf8 23. Bc2 Rg5 24. Qf3 Nd7 25. Ba4 Rcg8 26. g3 Rf5 27. Qe3 Nf8 28. Bc2 Rfg5 29. Bb3 Ng6 30. Kf1 Qd7 31. f4 Rh5 32. Rd2 Ne7 33. Qe2 Rh6 34. Bc2 Qc8 35. d5 e5 36. fxe5 Rxg3 37. hxg3 Rh1+ 38. Kg2 Qh3+ 39. Kf3 Qh5+ 40. Ke3 Qxe5+ 41. Kd3 Rxe1 42. Qxe5 fxe5 43. d6 Nc6 44. d7 Kg7 45. c5 bxc5 46. Kc4 Nd8 47. Kxc5 e4 48. Kd6 Kf8 49. Rd4 Re3 50. Rxe4 Rxe4 51. Bxe4 h6 52. g4 f6 53. Bd5 a5 54. a4 f5 55. gxf5 h5 56. f6 h4 57. Kc7 1-0

[Event "Oberbayern-ch"]
[Site "Groebenzell"]
[Date "2018.05.10"]
[Round "1.2"]
[White "Lippert, Frank"]
[Black "Salvermoser, Bernd"]
[Result "0-1"]
[WhiteElo "2032"]
[BlackElo "2191"]
[PlyCount "100"]
[EventDate "2018.05.10"]
[EventType "swiss"]
[EventRounds "7"]
[EventCountry "GER"]
[SourceTitle "EXT 2022"]
[Source "ChessBase"]
[SourceDate "2021.10.06"]
[SourceVersion "1"]
[SourceVersionDate "2021.10.06"]
[SourceQuality "1"]

1. d4 Nf6 2. Nf3 c5 3. d5 e6 4. c4 exd5 5. cxd5 d6 6. Nc3 g6 7. e4 Bg7 8. h3 a6 9. a4 Nh5 10. Bd3 0-0 11. 0-0 Nd7 12. g4 Nhf6 13. Bf4 Qe7 14. Re1 h5 15. e5 dxe5 16. Nxe5 Nxe5 17. Rxe5 Qd7 18. f3 Nh7 19. Re1 Bd4+ 20. Kg2 Nf6 21. d6 hxg4 22. hxg4 Qc6 23. Kg3 g5 24. Bxg5 Qxd6+ 25. Bf4 Bf2+ 26. Kxf2 Qxf4 27. Kg2 Rd8 28. Bh7+ Kxh7 29. Qxd8 Bxg4 30. Rh1+ Kg7 31. Qxf6+ Qxf6 32. fxg4 Qf4 33. Raf1 Qxg4+ 34. Kf2 Qd4+ 35. Kf3 Re8 36. Rfg1+ Kf8 37. Re1 Qf6+ 38. Kg2 b5 39. axb5 axb5 40. Rxe8+ Kxe8 41. Re1+ Kf8 42. Re2 Qc6+ 43. Kg3 b4 44. Ne4 f5 45. Ng5 Qd6+ 46. Kf3 Qd3+ 47. Kf2 Qd4+ 48. Re3 Qh4+ 49. Rg3 f4 50. Ne6+ Ke7 0-1

[Event "Regionalliga Sued-Ost 1718"]
[Site "Bayern"]
[Date "2018.02.25"]
[Round "7.1"]
[White "Huber, Edwin"]
[Black "Salvermoser, Bernd"]
[Result "1-0"]
[WhiteElo "2134"]
[BlackElo "2191"]
[PlyCount "81"]
[EventDate "2017.10.22"]
[EventType "team-tourn"]
[EventRounds "9"]
[EventCountry "GER"]
[SourceTitle "EXT 2022"]
[Source "ChessBase"]
[SourceDate "2021.10.06"]
[SourceVersion "1"]
[SourceVersionDate "2021.10.06"]
[SourceQuality "1"]
[WhiteTeam "Ilmmuenster"]
[BlackTeam "Groebenzell II"]
[WhiteTeamCountry "GER"]
[BlackTeamCountry "GER"]

1. d4 Nf6 2. c4 c5 3. d5 e5 4. Nc3 d6 5. e4 Be7 6. g3 Nbd7 7. Bh3 h5 8. f3 h4 9. Bxd7+ Nxd7 10. g4 h3 11. Nge2 Bh4+ 12. Ng3 g6 13. Qd3 a6 14. a4 Bg5 15. 0-0 Bxc1 16. Rfxc1 Qa5 17. Nd1 Qe1+ 18. Qf1 Qd2 19. Qe2 Qxe2 20. Nxe2 Rb8 21. Ne3 b5 22. axb5 axb5 23. b3 Ke7 24. Kf2 bxc4 25. bxc4 Rb4 26. Rcb1 Bb7 27. Nc1 Ra8 28. Rxb4 Rxa1 29. Rxb7 Rxc1 30. Rb3 Kd8 31. Kg3 Kc7 32. Kxh3 Nb6 33. Kh4 Nxc4 34. Nxc4 Rxc4 35. Kg5 Rb4 36. Rc3 Rb7 37. h4 Kb6 38. h5 gxh5 39. gxh5 Ka5 40. Rc1 Kb5 41. Rb1+ 1-0

[Event "Landesliga Sued 1718"]
[Site "Bayern"]
[Date "2017.10.22"]
[Round "1.8"]
[White "Salvermoser, Bernd"]
[Black "Behling, Robert"]
[Result "0-1"]
[WhiteElo "2191"]
[BlackElo "2143"]
[PlyCount "64"]
[EventDate "2017.10.22"]
[EventType "team-tourn"]
[EventRounds "9"]
[EventCountry "GER"]
[SourceTitle "EXT 2022"]
[Source "ChessBase"]
[SourceDate "2021.10.06"]
[SourceVersion "1"]
[SourceVersionDate "2021.10.06"]
[SourceQuality "1"]
[WhiteTeam "Groebenzell"]
[BlackTeam "Haunstetten TSV"]
[WhiteTeamCountry "GER"]
[BlackTeamCountry "GER"]

1. e4 c6 2. c4 d5 3. cxd5 cxd5 4. exd5 Nf6 5. Nc3 Nxd5 6. Nf3 Nc6 7. Bb5 Nxc3 8. Bxc6+ bxc6 9. dxc3 Qxd1+ 10. Kxd1 Bg4 11. Ke2 e5 12. h3 Bxf3+ 13. Kxf3 Bc5 14. Re1 f6 15. b4 Bb6 16. Rb1 Kf7 17. a4 a6 18. Be3 Bxe3 19. Rxe3 Rhd8 20. Ke2 Ke6 21. Rd3 e4 22. Re3 f5 23. g4 g6 24. gxf5+ gxf5 25. Rg1 Rd7 26. f3 Rad8 27. Re1 Rd2+ 28. Kf1 Rh2 29. fxe4 f4 30. R3e2 Rxh3 31. c4 f3 32. Rc2 Rh1+ 0-1

[Event "Regionalliga SO 1617"]
[Site "Bayern"]
[Date "2016.12.04"]
[Round "3.1"]
[White "Prusikin, Michael"]
[Black "Salvermoser, Bernd"]
[Result "1/2-1/2"]
[WhiteElo "2476"]
[BlackElo "2157"]
[PlyCount "63"]
[EventDate "2016.10.16"]
[EventType "team-tourn"]
[EventRounds "9"]
[EventCountry "GER"]
[SourceTitle "EXT 2019"]
[Source "ChessBase"]
[SourceDate "2018.10.10"]
[SourceVersion "1"]
[SourceVersionDate "2018.10.10"]
[SourceQuality "1"]
[WhiteTeam "Tegernsee"]
[BlackTeam "Starnberger See"]
[WhiteTeamCountry "GER"]
[BlackTeamCountry "GER"]

1. d4 Nf6 2. c4 c5 3. d5 e5 4. Nc3 d6 5. e4 Be7 6. g3 Nbd7 7. Bg2 a6 8. a4 b6 9. f4 g6 10. Nf3 Ra7 11. 0-0 exf4 12. gxf4 Nh5 13. e5 0-0 14. Ne4 Nb8 15. Nfg5 Bf5 16. Ra3 h6 17. exd6 Bxd6 18. Nxd6 Qxd6 19. Ne4 Bxe4 20. Bxe4 Re7 21. Bc2 f5 22. Re1 Rfe8 23. Rxe7 Rxe7 24. Bxf5 Nxf4 25. Bxf4 Qxf4 26. d6 Re3 27. d7 Nc6 28. d8Q+ Nxd8 29. Qxd8+ Kf7 30. Qd7+ Kf6 31. Bg4 Re1+ 32. Kg2 1/2-1/2

[Event "Regionalliga SO 1516"]
[Site "Bayern"]
[Date "2015.11.15"]
[Round "3.1"]
[White "Sailer, Wolfgang"]
[Black "Salvermoser, Bernd"]
[Result "1-0"]
[WhiteElo "2074"]
[BlackElo "2170"]
[PlyCount "81"]
[EventDate "2015.10.11"]
[EventType "team-tourn"]
[EventRounds "9"]
[EventCountry "GER"]
[SourceTitle "EXT 2018"]
[Source "ChessBase"]
[SourceDate "2017.10.13"]
[SourceVersion "1"]
[SourceVersionDate "2017.10.13"]
[SourceQuality "1"]
[WhiteTeam "Ingolstadt"]
[BlackTeam "Starnberger See"]
[WhiteTeamCountry "GER"]
[BlackTeamCountry "GER"]

1. e4 c6 2. d4 d5 3. e5 Bf5 4. Nf3 e6 5. Be2 Nd7 6. 0-0 h6 7. Nbd2 Ne7 8. Nb3 Nc8 9. Bd2 Be7 10. a4 a6 11. c4 dxc4 12. Na5 Qc7 13. Nxc4 0-0 14. Rc1 Qb8 15. Qb3 Be4 16. Ne1 b5 17. Na5 bxa4 18. Qg3 Qxb2 19. Bxh6 Bg6 20. Bd3 gxh6 21. Rc2 Qxd4 22. Nxc6 Qh4 23. Nxe7+ Qxe7 24. Bxg6 fxg6 25. Qxg6+ Qg7 26. Qxe6+ Kh7 27. Rc7 Rf7 28. f4 Ncb6 29. Qc6 Raf8 30. Nd3 Nb8 31. Qe4+ Kh8 32. Rxf7 Qxf7 33. f5 Nc4 34. e6 Qa7+ 35. Kh1 Nd2 36. Qe5+ Kh7 37. Rc1 a3 38. Rc7+ Qxc7 39. Qxc7+ Kg8 40. Qg3+ Kh8 41. e7 1-0

[Event "Bayern-chI Bank Hofmann 19th"]
[Site "Bad Wiessee"]
[Date "2015.11.07"]
[Round "8"]
[White "Salvermoser, Bernd"]
[Black "Schlichtmann, Robin"]
[Result "0-1"]
[WhiteElo "2262"]
[BlackElo "2154"]
[PlyCount "68"]
[EventDate "2015.10.31"]
[EventType "swiss"]
[EventRounds "9"]
[EventCountry "GER"]
[SourceTitle "EXT 2017"]
[Source "ChessBase"]
[SourceDate "2016.10.25"]
[SourceVersion "1"]
[SourceVersionDate "2016.10.25"]
[SourceQuality "1"]

1. d4 Nf6 2. c4 g6 3. Nc3 d5 4. cxd5 Nxd5 5. Bd2 Nb6 6. e3 Bg7 7. f4 0-0 8. b4 a5 9. bxa5 Rxa5 10. Nf3 Ra8 11. Rc1 Na6 12. Ne4 Qd5 13. Nc5 Nxc5 14. Rxc5 Qd6 15. Qc2 Be6 16. Ba5 Nd5 17. Bxc7 Nxc7 18. Rxc7 Qb4+ 19. Qd2 Qb6 20. Rc2 Rxa2 21. Rxa2 Qb1+ 22. Kf2 Bxa2 23. Rg1 Be6 24. Bd3 Qb6 25. Rb1 Qc7 26. Be4 Rb8 27. Ng5 Bc4 28. Rc1 b5 29. Bd5 e6 30. Nxe6 fxe6 31. Bxe6+ Kh8 32. Qc3 Qc6 33. d5 Qxe6 34. dxe6 Bxc3 0-1

[Event "Bayern-chI Bank Hofmann 19th"]
[Site "Bad Wiessee"]
[Date "2015.11.04"]
[Round "5"]
[White "Wenner, Tobias"]
[Black "Salvermoser, Bernd"]
[Result "1-0"]
[WhiteElo "2117"]
[BlackElo "2262"]
[PlyCount "61"]
[EventDate "2015.10.31"]
[EventType "swiss"]
[EventRounds "9"]
[EventCountry "GER"]
[SourceTitle "EXT 2017"]
[Source "ChessBase"]
[SourceDate "2016.10.25"]
[SourceVersion "1"]
[SourceVersionDate "2016.10.25"]
[SourceQuality "1"]

1. Nf3 d5 2. c4 d4 3. g3 f6 4. d3 c5 5. Bg2 e5 6. e3 Nc6 7. exd4 cxd4 8. 0-0 Bg4 9. a3 a5 10. h3 Bf5 11. Nh4 Be6 12. f4 Qd7 13. f5 Bf7 14. Nd2 g5 15. fxg6 hxg6 16. Ne4 Be7 17. Bd2 Qd8 18. Qc1 a4 19. Rb1 Na5 20. Bb4 f5 21. Bxe7 Qxe7 22. Nd2 Qg5 23. Qe1 Qe3+ 24. Qf2 Qxd3 25. Rbe1 Nc6 26. Be4 fxe4 27. Qxf7+ Kd8 28. Nxe4 Nge7 29. Rf3 Qc2 30. Qf6 Kc8 31. Qxh8+ 1-0

[Event "Regionalliga SO 1516"]
[Site "Bayern"]
[Date "2015.10.11"]
[Round "1.1"]
[White "Salvermoser, Bernd"]
[Black "Ovsepyan, Arshak"]
[Result "1-0"]
[WhiteElo "2170"]
[BlackElo "2090"]
[PlyCount "85"]
[EventDate "2015.10.11"]
[EventType "team-tourn"]
[EventRounds "9"]
[EventCountry "GER"]
[SourceTitle "EXT 2018"]
[Source "ChessBase"]
[SourceDate "2017.10.13"]
[SourceVersion "1"]
[SourceVersionDate "2017.10.13"]
[SourceQuality "1"]
[WhiteTeam "Starnberger See"]
[BlackTeam "Graefelfing"]
[WhiteTeamCountry "GER"]
[BlackTeamCountry "GER"]

1. d4 d5 2. c4 e6 3. Nc3 Nf6 4. cxd5 exd5 5. Bg5 c6 6. Qc2 Be7 7. e3 0-0 8. Bd3 Nbd7 9. Nf3 Re8 10. 0-0 g6 11. Rfc1 Nf8 12. Bxf6 Bxf6 13. b4 Bg4 14. Rab1 Rc8 15. Ne2 Qd6 16. Qb3 Ne6 17. b5 c5 18. dxc5 Nxc5 19. Qb4 Bxf3 20. gxf3 Be5 21. Rd1 Bxh2+ 22. Kg2 Nxd3 23. Rxd3 Rc2 24. Qxd6 Bxd6 25. Nc3 Be5 26. Nxd5 Rxa2 27. f4 Bg7 28. Rc1 Rb2 29. Rc7 Rxb5 30. Ne7+ Kh8 31. Rdd7 g5 32. Nd5 gxf4 33. exf4 Bd4 34. Ne7 Bb6 35. Rxb7 Rb2 36. Kh3 Rxf2 37. Kg4 h5+ 38. Kg5 Be3 39. Nd5 Re5+ 40. Kf6 Re6+ 41. Kxf7 Rb6 42. Rd8+ Kh7 43. Nf6+ 1-0

[Event "Regionalliga SO 1415"]
[Site "Bayern"]
[Date "2015.02.22"]
[Round "7.1"]
[White "Poetsch, Klaus"]
[Black "Salvermoser, Bernd"]
[Result "0-1"]
[WhiteElo "2123"]
[BlackElo "2170"]
[PlyCount "100"]
[EventDate "2014.10.19"]
[EventType "team-tourn"]
[EventRounds "9"]
[EventCountry "GER"]
[SourceTitle "EXT 2018"]
[Source "ChessBase"]
[SourceDate "2017.10.13"]
[SourceVersion "1"]
[SourceVersionDate "2017.10.13"]
[SourceQuality "1"]
[WhiteTeam "Waldkraiburg"]
[BlackTeam "Starnberger See"]
[WhiteTeamCountry "GER"]
[BlackTeamCountry "GER"]

1. d4 Nf6 2. c4 c5 3. d5 e6 4. Nc3 exd5 5. cxd5 d6 6. e4 g6 7. h3 Bg7 8. Nf3 0-0 9. Bd3 Re8 10. 0-0 c4 11. Bc2 Na6 12. Re1 Bd7 13. Bf4 b5 14. Bxd6 b4 15. e5 bxc3 16. exf6 cxb2 17. fxg7 bxa1Q 18. Qxa1 Rxe1+ 19. Qxe1 Bf5 20. Bf8 Bxc2 21. Ne5 Qg5 22. Nxf7 Re8 23. Qxe8 Qc1+ 24. Kh2 Qf4+ 25. Kg1 Qc1+ 26. Kh2 Qf4+ 27. Kg1 Qxf7 28. Qc6 Nb8 29. Qxc4 Bf5 30. g4 Bd7 31. Qc7 Qe8 32. Qxa7 Qe1+ 33. Kg2 Qe4+ 34. f3 Qe2+ 35. Qf2 Bb5 36. Qxe2 Bxe2 37. a4 Nd7 38. Kf2 Bc4 39. d6 Nxf8 40. gxf8Q+ Kxf8 41. Ke3 Kf7 42. Kd4 Bf1 43. Kd5 Ke8 44. a5 Bg2 45. Ke4 Bf1 46. h4 Kd7 47. Ke5 Be2 48. h5 gxh5 49. gxh5 Bxf3 50. h6 Bb7 0-1

[Event "Regionalliga SO 1415"]
[Site "Bayern"]
[Date "2014.12.07"]
[Round "4.1"]
[White "Salvermoser, Bernd"]
[Black "Huber, Edwin"]
[Result "1/2-1/2"]
[WhiteElo "2170"]
[BlackElo "2172"]
[PlyCount "116"]
[EventDate "2014.10.19"]
[EventType "team-tourn"]
[EventRounds "9"]
[EventCountry "GER"]
[SourceTitle "EXT 2018"]
[Source "ChessBase"]
[SourceDate "2017.10.13"]
[SourceVersion "1"]
[SourceVersionDate "2017.10.13"]
[SourceQuality "1"]
[WhiteTeam "Starnberger See"]
[BlackTeam "Ilmmuenster"]
[WhiteTeamCountry "GER"]
[BlackTeamCountry "GER"]

1. d4 c5 2. dxc5 e6 3. Nd2 Na6 4. Ne4 Nxc5 5. Nd6+ Bxd6 6. Qxd6 Qe7 7. Bf4 Qxd6 8. Bxd6 b6 9. f3 Ba6 10. Nh3 Nb7 11. Ba3 d5 12. e4 Bxf1 13. Rxf1 dxe4 14. fxe4 Nf6 15. Ng5 h6 16. Nxf7 Kxf7 17. e5 Rhd8 18. Rd1 Rac8 19. c3 Nc5 20. Rxd8 Rxd8 21. Bxc5 bxc5 22. Rf4 Kg6 23. exf6 gxf6 24. Rc4 Rd5 25. Ra4 Rd7 26. Ra6 Kf5 27. Rc6 Rd5 28. c4 Re5+ 29. Kd2 Ke4 30. b3 h5 31. Rd6 h4 32. Ke2 Kf4+ 33. Kf2 Re3 34. Rc6 f5 35. Rd6 e5 36. Rh6 Rc3 37. Rxh4+ Kg5 38. g3 Rc2+ 39. Ke3 Rxa2 40. Kd3 e4+ 41. Kc3 e3 42. Rh8 Kg4 43. Rh4+ Kf3 44. Rf4+ Kg2 45. Rxf5 e2 46. Re5 Kf2 47. Rf5+ Ke3 48. Re5+ Kf3 49. Kd3 Kf2 50. Rf5+ Ke1 51. Rxc5 Kd1 52. Re5 e1Q 53. Rxe1+ Kxe1 54. h4 Rg2 55. c5 Rxg3+ 56. Kc4 Kd2 57. c6 Rc3+ 58. Kd5 Rxb3 1/2-1/2

[Event "Regionalliga SO 1415"]
[Site "Bayern"]
[Date "2014.11.09"]
[Round "2.1"]
[White "Salvermoser, Bernd"]
[Black "Ksieski, Zbigniew"]
[Result "0-1"]
[WhiteElo "2170"]
[BlackElo "2355"]
[PlyCount "84"]
[EventDate "2014.10.19"]
[EventType "team-tourn"]
[EventRounds "9"]
[EventCountry "GER"]
[SourceTitle "EXT 2018"]
[Source "ChessBase"]
[SourceDate "2017.10.13"]
[SourceVersion "1"]
[SourceVersionDate "2017.10.13"]
[SourceQuality "1"]
[WhiteTeam "Starnberger See"]
[BlackTeam "Germering"]
[WhiteTeamCountry "GER"]
[BlackTeamCountry "GER"]

1. d4 Nf6 2. c4 e6 3. Nc3 Bb4 4. Qc2 Nc6 5. Nf3 d6 6. a3 Bxc3+ 7. Qxc3 a5 8. Bg5 h6 9. Bh4 g5 10. Bg3 Ne4 11. Qe3 f5 12. d5 Ne7 13. dxe6 Bxe6 14. Nd4 Qd7 15. Nxe6 Qxe6 16. f3 Qf6 17. 0-0-0 Nc5 18. Be1 f4 19. Qc3 Qe5 20. Qxe5 dxe5 21. Bc3 Nc6 22. Rd5 Nb3+ 23. Kc2 Nbd4+ 24. Bxd4 exd4 25. g3 0-0 26. h4 g4 27. Rg1 Rae8 28. gxf4 Rxf4 29. Rxg4+ Rxg4 30. fxg4 Re4 31. Rd7 Rxg4 32. Rxc7 Ne5 33. Bh3 Re4 34. Kd2 b6 35. h5 Rh4 36. Be6+ Kf8 37. Rb7 Rh2 38. Kd1 Rh1+ 39. Kc2 Rh2 40. Rxb6 Rxe2+ 41. Kd1 d3 42. Bd5 Ng4 0-1

[Event "Regionalliga SO 1415"]
[Site "Bayern"]
[Date "2014.10.19"]
[Round "1.1"]
[White "Uhlmann, Helge"]
[Black "Salvermoser, Bernd"]
[Result "0-1"]
[WhiteElo "2067"]
[BlackElo "2170"]
[PlyCount "22"]
[EventDate "2014.10.19"]
[EventType "team-tourn"]
[EventRounds "9"]
[EventCountry "GER"]
[SourceTitle "EXT 2018"]
[Source "ChessBase"]
[SourceDate "2017.10.13"]
[SourceVersion "1"]
[SourceVersionDate "2017.10.13"]
[SourceQuality "1"]
[WhiteTeam "Graefelfing"]
[BlackTeam "Starnberger See"]
[WhiteTeamCountry "GER"]
[BlackTeamCountry "GER"]

1. Nf3 Nf6 2. g3 c5 3. Bg2 d5 4. 0-0 Nc6 5. d3 e5 6. e4 d4 7. a4 Nd7 8. Na3 Bd6 9. Nh4 g6 10. Nc4 Bc7 11. Bh6 b6 0-1

[Event "Regionalliga SO 1314"]
[Site "Bayern"]
[Date "2014.04.06"]
[Round "9.1"]
[White "Salvermoser, Bernd"]
[Black "Christlmaier, Martin"]
[Result "1/2-1/2"]
[WhiteElo "2203"]
[BlackElo "1969"]
[PlyCount "164"]
[EventDate "2013.10.13"]
[EventType "team-tourn"]
[EventRounds "9"]
[EventCountry "GER"]
[SourceTitle "EXT 2015"]
[Source "ChessBase"]
[SourceDate "2014.11.20"]
[SourceVersion "1"]
[SourceVersionDate "2014.11.20"]
[SourceQuality "1"]
[WhiteTeam "Starnberger See"]
[BlackTeam "Landau Dingolfing"]
[WhiteTeamCountry "GER"]
[BlackTeamCountry "GER"]

1. d4 d5 2. c4 e6 3. Nc3 Nf6 4. Nf3 Be7 5. Bg5 Nbd7 6. e3 0-0 7. Qc2 b6 8. cxd5 exd5 9. Bd3 Bb7 10. 0-0 c5 11. dxc5 bxc5 12. Rfd1 h6 13. Bf4 Qa5 14. Bf5 Rfd8 15. Rac1 Nf8 16. Na4 Bc8 17. b3 Bxf5 18. Qxf5 Ng6 19. Be5 Nxe5 20. Nxe5 Rac8 21. g4 Qa6 22. h4 Qe6 23. Qxe6 fxe6 24. f3 Nd7 25. Ng6 Bd6 26. e4 Nf8 27. Nxf8 Bxf8 28. Kf2 Bd6 29. exd5 exd5 30. Rc2 Rc7 31. Kg2 d4 32. Nb2 Re8 33. Rdd2 Bf4 34. Re2 Rxe2+ 35. Rxe2 Bd6 36. Nc4 Re7 37. Kf2 Rxe2+ 38. Kxe2 Bc7 39. Kd3 Kf7 40. Ke4 Ke6 41. h5 Bg3 42. Nb2 Bd6 43. Nd3 Be7 44. f4 Kd6 45. Kf5 Kd5 46. Nb2 Bd6 47. g5 Bc7 48. a4 Bd6 49. a5 Bc7 50. Nd3 c4 51. Nb4+ Kc5 52. Na6+ Kc6 53. bxc4 Bxa5 54. Ke4 hxg5 55. fxg5 Bd8 56. Kf5 Be7 57. g6 d3 58. h6 d2 59. hxg7 d1Q 60. g8Q Qf1+ 61. Ke4 Qe2+ 62. Kf5 Qd3+ 63. Kg4 Qe4+ 64. Kg3 Bd6+ 65. Kf2 Qc2+ 66. Kf1 Qd3+ 67. Kf2 Qg3+ 68. Ke2 Qg4+ 69. Kd3 Qf3+ 70. Kc2 Qe2+ 71. Kb1 Qd1+ 72. Kb2 Be5+ 73. Ka3 Qa1+ 74. Kb3 Qb2+ 75. Ka4 Qc2+ 76. Ka5 Qa2+ 77. Kb4 Qb1+ 78. Ka4 Qc2+ 79. Ka5 Bc3+ 80. Nb4+ Bxb4+ 81. Kxb4 Qb2+ 82. Ka4 Qa2+ 1/2-1/2